| 000 | 01355nam2a22002891 4500 | ||
|---|---|---|---|
| 001 | v19\rc\1901640 | ||
| 005 | 20251118180519.7 | ||
| 035 | _a(NLR Aleph) 004991780 | ||
| 090 |
_a6293731 _c6293731 |
||
| 100 | _a20080404d1911 u y0rusy50 ca | ||
| 101 | 0 | _arus | |
| 102 | _aRU | ||
| 105 | _ay z ||||| | ||
| 200 | 1 |
_aОтношение почвы к метеорологическим факторам _eГл. 1 и 2] |
|
| 210 | _d1911 | ||
| 215 | _aXII, 104 с. | ||
| 225 | 1 |
_a... _vВып. 8 |
|
| 300 | _aНа обороте тит. л. перевод его на нем. яз. | ||
| 461 | 0 |
_1001v19\rc\1901639 _12001#$a[Обзор работ по сельскохозяйственной метеорологии и по вопросам с ней связанным$eЧ. 1-]$fЭ.Г. Лоске$v[Ч. 1 _1700#1$aЛоске$bЭ.Г. _96293721 _aЛоске, Э.Г. _cСанкт-Петербург _d1911-1917 _fЭ.Г. Лоске _nтип. В. Киршбаума (отд-ние) _oЧ. 1-] _p4 т. _t[Обзор работ по сельскохозяйственной метеорологии и по вопросам с ней связанным _v[Ч. 1 |
|
| 801 | 0 |
_aRU _bNLR _gpsbo |
|
| 801 | 0 |
_aRU _bRuMoRGB _2psbo |
|
| 801 | 1 |
_aRU _bProSoft-M _2rusmarc |
|
| 852 |
_aNLR _j17.131.1.3 |
||
| 899 | _aRuMoRGB | ||
| 899 | _aНБ МГУ | ||
| 942 | _cBOOK | ||
| 980 | _aNB | ||